000 00349nam a2200145 a 4500
005 20140412111408.0
008 110407s19uu xx 00 eng d
020 _a0-7214-4212-9
050 _aER
_bPi65 1998
245 _aPinocchio.
260 _aAustralia :
_bDisney Interprises,
_c1998.
300 _a95p.
440 _aDisney
999 _c105608
_d105608